000 00511nam a2200181Ia 4500
003 GCL
008 140319s9999 xx 000 0 ara d
040 _aGCL /
_cGCL
082 0 4 _a813.01
_bم ن
100 1 _aمحمد البساطى
245 1 0 _aالكبار و الصغار /
_cمحمد البساطى
300 _a168 ص
490 _aالكتاب الماسى
_v0
650 0 4 _aالادب العربى
650 0 4 _aالقصص العربية
650 0 4 _aالقصص القصيرة
942 _2ddc
_cBK
999 _c40242
_d40242